000 00905nam0a22002771 4500
001 v19\rc\1799420
005 20250619122034.0
035 _a(NLR Aleph) 004900902
090 _a5373412
_c5373412
100 _a20071130d1907 |||y0rusy50 ca
101 0 _arus
102 _aRU
105 _aa z |||||
200 1 _aРуководство для практических занятий по гигиене
_fПроф. Н. Брусянин
210 _aСанкт-Петербург
_cтип. В.Я. Мильштейна
_d1907
215 _a[2], 68 с.
_cтабл.
_d24
700 1 _aБрусянин
_bН.Н.
_f1856-1926
_gНиколай Николаевич
801 0 _aRU
_bNLR
_gpsbo
801 0 _aRU
_bRuMoRGB
_2psbo
801 1 _aRU
_bProSoft-M
_2rusmarc
852 _aNLR
_j34.84.5.508
899 _aRuMoRGB
_jU 25/1562
899 _aRuMoRGB
_jU 30/717
899 _aБАН
942 _cBOOK
980 _aNB